The solitary self : Jean-Jacques Rousseau in exile and adversity /

Bibliographic Details
Main Author: Cranston, Maurice, 1920-1993
Format: Book
Language:English
Published: Chicago : University of Chicago Press, 1997.
Subjects:

MARC

Tag First Indicator Second Indicator Subfields
LEADER 00000cam a2200000 a 4500
001 in00001357921
005 20151006060953.0
008 960314s1997 iluaf b 001 0beng
010 |a  96012922  
020 |a 0226118657 (cloth : alk. paper) 
035 |a (OCoLC)34513836 
035 |9 AHG2517AM 
040 |a DLC  |c DLC  |d TXA  |d UtOrBLW 
043 |a e-fr--- 
049 |a TXAM 
050 0 0 |a PQ2047  |b .C73 1997 
082 0 0 |a 848/.509  |a B  |2 20 
100 1 |a Cranston, Maurice,  |d 1920-1993. 
245 1 4 |a The solitary self :  |b Jean-Jacques Rousseau in exile and adversity /  |c Maurice Cranston ; with a foreword by Sanford Lakoff. 
264 1 |a Chicago :  |b University of Chicago Press,  |c 1997. 
300 |a xii, 247 pages, 12 unnumbered pages of plates :  |b illustrations ;  |c 24 cm. 
336 |a text  |b txt  |2 rdacontent 
337 |a unmediated  |b n  |2 rdamedia 
338 |a volume  |b nc  |2 rdacarrier 
504 |a Includes bibliographical references (pages [217]-235) and index. 
600 1 0 |a Rousseau, Jean-Jacques,  |d 1712-1778. 
650 0 |a Authors, French  |y 18th century  |v Biography. 
650 0 |a Philosophers  |z France  |v Biography. 
999 |a MARS 
999 f f |s 1974d1eb-39d9-31bf-86a2-84d33f19ec3f  |i f8c92aad-1416-30fc-839b-688ab78b4f2f  |t 0 
952 f f |p normal  |a Texas A&M University  |b College Station  |c Sterling C. Evans Library  |d Evans: Library Stacks  |t 0  |e PQ2047 .C73 1997  |h Library of Congress classification  |i unmediated -- volume  |m A14821019192 
998 f f |a PQ2047 .C73 1997  |t 0  |l Evans: Library Stacks